| 000 | 00486nam a2200193Ia 4500 | ||
|---|---|---|---|
| 003 | BUBTL | ||
| 008 | 151213s9999 xx 000 0 und d | ||
| 082 | _a346 / SIT | ||
| 100 |
_aSinha,R.K. _92148 |
||
| 245 |
_aThe Muslim Law / _c R.K. Sinha |
||
| 250 | _a8th ed | ||
| 260 |
_aAllahabad : _bCentral Law Agency, _cc2016 |
||
| 300 |
_axxii, 343 p. : _c22 cm. |
||
| 650 | _aLaw | ||
| 650 | _aLaw | ||
| 856 |
_k0 _l0 _yDownload |
||
| 942 |
_2ddc _cBK |
||
| 999 |
_c3417 _d3417 |
||